LIBRARY & INFORMATION CENTRE, KCAET, TAVANUR

ONLINE PUBLIC ACCESS CATALOGUE (OPAC)

Introduction to the theory of newtonian attraction / (Record no. 9068)

MARC details
000 -LEADER
fixed length control field 00465cam a2200181ua 4500
041 ## - LANGUAGE CODE
Language code of text/sound track or separate title eng
082 ## - DEWEY DECIMAL CLASSIFICATION NUMBER
Classification number 531.3
Item number RAM/IN
100 ## - MAIN ENTRY--AUTHOR NAME
Personal name Ramsey, A.S.
245 ## - TITLE STATEMENT
Title Introduction to the theory of newtonian attraction /
250 ## - EDITION STATEMENT
Edition statement 1 /
260 ## - PUBLICATION, DISTRIBUTION, ETC. (IMPRINT)
Place of publication Cambridge :
Name of publisher Cambridge University Press ,
Year of publication 1961.
300 ## - PHYSICAL DESCRIPTION
Number of Pages 183 ; .
942 ## - ADDED ENTRY ELEMENTS (KOHA)
Koha item type Books
Holdings
Withdrawn status Lost status Damaged status Home library Current library Date acquired Full call number Accession Number Koha item type
      KAUAET KAUAET 07/04/2012 531.3 RAM/IN 5485 Books
free website counter